| 000 | 00703nam a2200193 a 4500 | ||
|---|---|---|---|
| 008 | 120416s1978 xx |||||||||||||| || u | ||
| 020 | _a0521293391 | ||
| 050 | _aS 591 Bri | ||
| 100 | _aBridges, Edwin Michael | ||
| 245 | 1 | 0 | _aWorld soils. (2nd ed.) |
| 250 | _a2nd ed. | ||
| 260 | _c1978 | ||
| 300 | _a128p.: ill. | ||
| 350 | _a0.00 | ||
| 650 | 0 | _aSOIL SCIENCE | |
| 650 | _aSOILS | ||
| 995 |
_aMAIN LIBRARY OPEN ACCESS _D0.00 _e712098 _FCBU-MAIN LIBRARY (Kitwe) _H2 _I7.47 _jS 591 Bri _M1 _UAVAILABLE _y013635 _ZMain Library Open Access Collection |
||
| 995 |
_aMAIN LIBRARY OPEN ACCESS _D0.00 _e734167 _FCBU-MAIN LIBRARY (Kitwe) _H1 _I7.47 _jS 591 Bri _M2 _UAVAILABLE _y46505 _ZMain Library Open Access Collection |
||
| 999 |
_c83265 _d83265 |
||